000 00704nam a2200241 i 4500
001 C2-0286073
003 PPAK
005 20180728015619.0
008 080116s1990 nyua|||| ||||| | eng d
020 _a0486264408
040 _aPPAK
_beng
_cPPAK
_erda
082 0 4 _a623.8882
_223
090 0 0 _a623.8882
_bSMI
_dG
100 1 _aSmith, Hervey Garrett,
_eauthor
245 1 4 _aThe arts of the sailor :
_bknotting, splicing and ropework
264 1 _aNew York :
_bDover Publications ,
_c1990
300 _aviii, 233 pages :
_billustrations ;
_c22 cm
336 _2rdacontent
_atext
337 _2rdamedia
_aunmediated
338 _2rdacarrier
_avolume
650 1 0 _aKnots and splices
942 _ddc
_cB
999 _c91875
_d91875